[Event "Challenge"]
[Site "http://www.queenalice.com/game.php?id=1798253"]
[Date "2022.10.20"]
[Round "-"]
[White "MASTROIANNI"]
[Black "beginat63"]
[Result "0-1"]
[WhiteElo "1303"]
[BlackElo "1939"]

1. e4 e5 2. Nc3 Nf6 3. Nf3 Nc6 4. Bb5 a6 5. Bxc6 dxc6 6. d3 Be7 7. Nxe5 O-O 8.
f4 Re8 9. g4 Bb4 10. g5 Nd7 11. Ng4 f6 12. h4 f5 13. Nf2 Nc5 14. e5 b5 15. Bd2
Ne6 16. Qf3 Bb7 17. O-O-O Rb8 18. Qh3 c5 19. Rhg1 Qd4 20. Be3 Nxf4 21. Bxd4 Nxh3
22. Nxh3 cxd4 23. a3 Bf8 24. Ne2 Rxe5 25. Nxd4 Bc5 26. c3 Bxd4 27. cxd4 Rd5 28.
Rgf1 Rxd4 29. Rxf5 Rxh4 30. Nf2 Bc8 31. Rc5 Rf4 32. Nh1 Rb7 0-1

[Event "Challenge"]
[Site "http://www.queenalice.com/game.php?id=1798254"]
[Date "2022.10.20"]
[Round "-"]
[White "MASTROIANNI"]
[Black "Mlintz"]
[Result "0-1"]
[WhiteElo "1160"]
[BlackElo "1854"]

1. e4 e5 2. Nc3 c6 3. Bc4 Nf6 4. d3 a5 5. Bg5 b5 6. Bxf7+ Kxf7 7. Nf3 d6 8. Nh4
g6 9. Qf3 h6 10. Bxf6 Qxf6 11. Qg3 Be6 12. O-O-O Nd7 13. Rdf1 g5 14. Nf3 Ke7 15.
Rd1 Qf4+ 16. Qxf4 gxf4 17. Nh4 Rg8 18. g3 Bg4 19. f3 Be6 20. g4 Nf6 21. d4 exd4
22. Rxd4 c5 23. Rd2 b4 24. Nd5+ Kf7 25. Re1 Re8 26. Nxf6 Kxf6 27. Ng2 Ke5 28. h4
Be7 29. Rd3 Ra8 30. Red1 a4 31. b3 axb3 32. axb3 Ra1+ 33. Kb2 Rxd1 34. Rxd1 Ra8
35. h5 c4 36. bxc4 Bxc4 37. Nh4 Bxh4 38. Rh1 Bf6 39. Rd1 Ke6+ 40. Kb1 Ra1# 0-1

[Event "Challenge"]
[Site "http://www.queenalice.com/game.php?id=1798256"]
[Date "2022.10.20"]
[Round "-"]
[White "MASTROIANNI"]
[Black "beginat63"]
[Result "1-0"]
[WhiteElo "1273"]
[BlackElo "1945"]

1. e4 e5 2. c4 c5 3. Nf3 Nc6 4. b3 b6 5. Nc3 Nf6 6. Bb2 Bb7 7. Nd5 Be7 8. d3 Nd4
9. Nxd4 cxd4 10. Be2 O-O 11. h3 Nxd5 12. cxd5 Bb4+ 13. Kf1 Bc3 14. Bxc3 dxc3 15.
Rc1 Rc8 16. g4 f6 17. h4 b5 18. d4 exd4 19. Qxd4 Qa5 20. Rh3 b4 21. Bc4 Rxc4 22.
bxc4 Qxa2 23. Re3 Qd2 24. Qxd2 cxd2 25. Rd1 Ba6 26. Rxd2 Bxc4+ 27. Kg2 a5 28. f4
b3 29. Rc3 Rc8 30. Rd4 1-0

[Event "Challenge"]
[Site "http://www.queenalice.com/game.php?id=1798257"]
[Date "2022.10.20"]
[Round "-"]
[White "MASTROIANNI"]
[Black "SGF"]
[Result "1-0"]
[WhiteElo "1107"]
[BlackElo "1761"]

1. e4 e5 2. Nf3 Qf6 3. Bc4 c6 4. d3 h6 5. Nc3 d6 6. Bd2 Be7 7. Qe2 Qg6 8. Rg1 b5
9. Bb3 a5 10. a3 Bb7 11. O-O-O b4 12. Na4 Nd7 13. h3 bxa3 14. bxa3 Nc5 15. Nxc5
dxc5 16. Nxe5 Qf6 17. Bc3 a4 18. Bc4 Qg5+ 19. Kb1 Qf6 20. Qd2 Bd6 21. Nxc6 Be5
22. Nxe5 Ne7 23. Nxf7 Qb6+ 24. Kc1 Rg8 25. Ne5 Rf8 26. f4 Nc6 27. g4 Nxe5 28.
Bxe5 Qg6 29. f5 Qg5 30. Bf4 Qh4 31. Qg2 h5 32. Bg3 Qg5+ 33. Rd2 hxg4 34. h4 Qh6
35. Rf1 g6 36. fxg6 Qxg6 37. Rxf8+ Kxf8 38. Qf2+ Ke8 39. Qxc5 Qf6 40. Rf2 Qe7
41. Bf7+ Kd8 42. Bd6 Qd7 43. Bg6 Qg7 44. Rf8+ Kd7 45. Rf7+ Qxf7 46. Bxf7 Rc8 47.
Qb5+ Bc6 48. Qe5 Bb7 49. Be6+ Kd8 50. Qh8# 1-0

[Event "Challenge"]
[Site "http://www.queenalice.com/game.php?id=1799181"]
[Date "2022.11.3"]
[Round "-"]
[White "MASTROIANNI"]
[Black "Carlos19"]
[Result "1-0"]
[WhiteElo "1188"]
[BlackElo "1566"]

1. e4 e5 2. c4 Nf6 3. Nf3 Nc6 4. d3 Bb4+ 5. Bd2 d6 6. a3 Bxd2+ 7. Nbxd2 Bg4 8.
h3 Bxf3 9. Qxf3 Nd4 10. Qd1 O-O 11. g4 h6 12. Nb3 c5 13. Nxd4 cxd4 14. b4 a5 15.
b5 b6 16. Bg2 Nd7 17. O-O a4 18. Qd2 Nc5 19. Qd1 g5 20. Qc2 Nb3 21. Rae1 f6 22.
Bf3 Qd7 23. Bd1 Na1 24. Qb2 Nb3 25. Bxb3 axb3 26. Qxb3 Kg7 27. f3 h5 28. gxh5
Qxh3 29. Qc2 Qxh5 30. a4 Rh8 31. Qg2 Rxa4 32. Ra1 Rb4 33. Ra6 Rb3 34. Rxb6 Rxd3
35. Rxd6 Qh3 36. b6 Rb3 37. c5 Rb2 38. Rf2 Rb1+ 39. Rf1 Rb5 40. Rc6 Qd7 41. Rc7
Qxc7 42. bxc7 Rxc5 43. Qa2 Rxc7 44. Qd5 Kg6 45. Qd6 Rch7 46. Kf2 Rh2+ 47. Ke1
R8h3 48. Rf2 Rh1+ 49. Ke2 R1h2 50. Rxh2 Rxh2+ 51. Kf1 Rh3 52. Kg2 Rh4 53. Kg3
Rh1 54. Qf8 Rh7 55. Kg4 Rh4+ 56. Kg3 Rh7 57. Kf2 Rh2+ 58. Ke1 Rh1+ 59. Kd2 Rh2+
60. Kd3 Rh7 61. Kc4 Kh5 62. Qxf6 Rc7+ 63. Kd5 Kh4 64. Qxe5 Rd7+ 65. Kc6 Rd8 66.
f4 g4 67. Qf6+ Kg3 68. Qxd8 Kxf4 69. Qxd4 g3 70. e5+ Kf3 71. Qg1 Kg4 72. e6 Kh3
73. e7 g2 74. e8=Q Kg3 75. Qee3+ Kg4 76. Qxg2+ Kf5 77. Qgf2+ Kg4 78. Qeg3+ Kh5
79. Qfh2# 1-0

[Event "Challenge"]
[Site "http://www.queenalice.com/game.php?id=1799182"]
[Date "2022.11.3"]
[Round "-"]
[White "MASTROIANNI"]
[Black "Nigel68"]
[Result "0-1"]
[WhiteElo "1206"]
[BlackElo "1856"]

1. e4 e5 2. Nf3 Nc6 3. Bb5 Nge7 4. c4 a6 5. Ba4 d6 6. Bxc6+ Nxc6 7. Nc3 Be6 8.
d3 Qe7 9. Qb3 O-O-O 10. Be3 h6 11. d4 exd4 12. Nxd4 Bd7 13. Nd5 Qh4 14. Nxc6
Bxc6 15. O-O Qxe4 16. Rad1 Kb8 17. Rd4 Qg6 18. Rc1 Bd7 19. c5 Bh3 20. g3 dxc5
21. Nf4 Qf6 22. Nh5 Qe7 23. Rxd8+ Qxd8 24. Qxf7 Rh7 25. Nf4 Bg4 26. h3 Bc8 27.
Kg2 Bd7 28. Qg6 Bc6+ 29. Kh2 Rh8 30. Rc3 Bb5 31. b3 Qd1 32. Rc1 Qd6 33. Qf5 Bd7
34. Qf7 Qe7 35. Qh5 Be8 36. Qf3 Qe5 37. Rc4 g5 38. Nd3 Qg7 39. b4 Bc6 40. Qf5
Bd7 41. Qe4 Bc6 42. Qg4 cxb4 43. Bd4 Qg6 44. Bxh8 Qxd3 45. Rd4 Qf1 0-1

[Event "Challenge"]
[Site "http://www.queenalice.com/game.php?id=1799785"]
[Date "2022.11.12"]
[Round "-"]
[White "MASTROIANNI"]
[Black "SGF"]
[Result "0-1"]
[WhiteElo "1109"]
[BlackElo "1759"]

1. e4 e5 2. c4 Qf6 3. Nf3 d6 4. Bd3 Be7 5. Nc3 c6 6. b4 Qg6 7. O-O Bh3 8. g3
Bxf1 9. Qxf1 h5 10. Ne1 h4 11. Nf3 a5 12. b5 hxg3 13. fxg3 Nf6 14. a4 Ng4 15. h3
Nf6 16. Qg2 Nh5 17. Nh4 Bxh4 18. g4 Nf4 19. Qf3 Nxh3+ 20. Qxh3 Bf2+ 21. Kxf2
Rxh3 22. Bf1 Qf6+ 0-1

[Event "Challenge"]
[Site "http://www.queenalice.com/game.php?id=1801421"]
[Date "2022.12.6"]
[Round "-"]
[White "MASTROIANNI"]
[Black "Carlos19"]
[Result "0-1"]
[WhiteElo "1218"]
[BlackElo "1563"]

1. e4 e5 2. Nc3 Nf6 3. Nf3 Nc6 4. Bb5 a6 5. Bxc6 bxc6 6. d3 Bc5 7. a3 h6 8. b4
Be7 9. Nxe5 c5 10. bxc5 Bxc5 11. O-O Bd4 12. Nxf7 Kxf7 13. Bb2 c5 14. Qf3 Rb8
15. Ra2 d6 16. Rb1 Bg4 17. Qg3 Qd7 18. h3 Bh5 19. Nd5 Bxb2 20. Raxb2 Rxb2 21.
Rxb2 Nxd5 22. exd5 g5 23. f3 Kg7 24. Qe1 Re8 25. Qb1 Kf8 26. Qf1 Qg7 27. f4 Qxb2
28. fxg5+ Kg7 29. h4 Qd4+ 30. Qf2 Qa1+ 31. Kh2 Rf8 32. Qe3 hxg5 33. Qxg5+ Bg6
34. h5 Qe5+ 35. Qxe5+ dxe5 36. c4 Bxd3 37. g4 Bxc4 38. d6 Rd8 39. Kh3 Rxd6 0-1

[Event "Challenge"]
[Site "http://www.queenalice.com/game.php?id=1801429"]
[Date "2022.12.7"]
[Round "-"]
[White "MASTROIANNI"]
[Black "SGF"]
[Result "1-0"]
[WhiteElo "1158"]
[BlackElo "1731"]

1. e4 e5 2. Nf3 Qf6 3. Bc4 d6 4. Nc3 c6 5. d3 h6 6. Be3 b5 7. Bb3 a5 8. a4 b4 9.
Ne2 Be7 10. Qd2 Bg4 11. O-O-O Bxf3 12. gxf3 g5 13. Ng1 Nd7 14. d4 c5 15. dxc5
Nxc5 16. Bxc5 Rd8 17. Bb6 Ra8 18. Qd5 Rc8 19. Qxa5 Bd8 20. Qa6 Ne7 21. Ba7 O-O
22. Rxd6 Qf4+ 23. Be3 Qh4 24. Ne2 Ng6 25. Qxc8 Be7 26. Rxg6+ Kh7 27. Rxh6+ Kxh6
28. Qf5 f6 29. a5 Ra8 30. Bf7 Kg7 31. Qg6+ Kf8 32. Qg8# 1-0

[Event "Challenge"]
[Site "http://www.queenalice.com/game.php?id=1801516"]
[Date "2022.12.7"]
[Round "-"]
[White "SGF"]
[Black "MASTROIANNI"]
[Result "1-0"]
[WhiteElo "1746"]
[BlackElo "1212"]

1. e4 c5 2. Qf3 Nf6 3. d3 d6 4. Be2 Nc6 5. c3 b6 6. e5 Bg4 7. Qg3 Bxe2 8. Nxe2
Nd7 9. exd6 exd6 10. Bg5 f6 11. Bf4 Qc7 12. a4 O-O-O 13. h4 h6 14. Nd2 g5 15.
hxg5 fxg5 16. Bxg5 Re8 17. O-O-O Rxe2 18. Bf4 Nf6 19. Ne4 Nxe4 20. Qg4+ Kb7 21.
Qxe2 Nf6 22. Bg5 Bg7 23. Bxf6 Bxf6 24. Qe6 Bg5+ 25. Kc2 Na5 26. Qd5+ Kb8 27. g3
Re8 28. f4 Be7 29. Rxh6 a6 30. f5 b5 31. axb5 axb5 32. f6 Bd8 33. f7 Rf8 34. Rf1
b4 35. Qxd6 Qxd6 36. Rxd6 Bc7 37. Re6 Nb7 38. Re8+ 1-0

[Event "Challenge"]
[Site "http://www.queenalice.com/game.php?id=1801788"]
[Date "2022.12.12"]
[Round "-"]
[White "MASTROIANNI"]
[Black "quithero"]
[Result "0-1"]
[WhiteElo "1206"]
[BlackElo "1500"]

1. e4 e5 2. c4 Nf6 3. Nc3 Bc5 4. Nf3 Nc6 5. a3 a5 6. g3 d6 7. Bg2 O-O 8. d3 Ng4
9. O-O Nxf2 10. Rxf2 Bxf2+ 11. Kxf2 f5 12. Bg5 Qe8 13. Nd5 Qf7 14. h4 h6 15. Bd2
fxe4 16. dxe4 Nd4 17. Kg1 Nxf3+ 18. Bxf3 Qxf3 19. Qxf3 Rxf3 20. Kg2 Rf7 21. Rc1
Bg4 22. c5 Bf3+ 23. Kh3 Bxe4 24. Nc3 Bc6 25. Re1 Re8 26. cxd6 cxd6 27. Ne2 Ref8
28. Bxa5 Rf2 29. Bc7 Bd7+ 30. g4 R8f3+ 31. Ng3 h5 32. Re4 d5 0-1

[Event "Challenge"]
[Site "http://www.queenalice.com/game.php?id=1801815"]
[Date "2022.12.13"]
[Round "-"]
[White "Carlos19"]
[Black "MASTROIANNI"]
[Result "1-0"]
[WhiteElo "1565"]
[BlackElo "1216"]

1. e4 c5 2. Bc4 g6 3. d3 Nc6 4. Bf4 e5 5. Bg3 f5 6. Nc3 f4 7. Bxf4 exf4 8. Nf3
g5 9. O-O Nf6 10. Nxg5 Ne5 11. Nf7 Nxf7 12. Qf3 Bh6 13. Rfe1 Ne5 14. Qh3 Bg5 15.
Nd5 Nxd5 16. Bxd5 d6 17. Qh5+ Kf8 18. c3 Bg4 19. Qxg5 Qxg5 20. Bxb7 1-0

[Event "Challenge"]
[Site "http://www.queenalice.com/game.php?id=1801816"]
[Date "2022.12.13"]
[Round "-"]
[White "MASTROIANNI"]
[Black "Carlos19"]
[Result "0-1"]
[WhiteElo "1214"]
[BlackElo "1567"]

1. e4 e5 2. c4 Nf6 3. Nc3 Bc5 4. h3 d6 5. Nf3 h6 6. a3 Nc6 7. b4 Bd4 8. Bb2 Nxe4
9. Qe2 Nxc3 10. dxc3 Bxf2+ 11. Qxf2 O-O 12. Bd3 f5 13. Bc2 e4 14. Nh4 Be6 15.
Bb3 Kh7 16. O-O-O a5 17. b5 Ne5 18. Qe2 a4 0-1

[Event "Challenge"]
[Site "http://www.queenalice.com/game.php?id=1803316"]
[Date "2023.1.5"]
[Round "-"]
[White "MASTROIANNI"]
[Black "SGF"]
[Result "1-0"]
[WhiteElo "1264"]
[BlackElo "1675"]

1. e4 e5 2. c4 Qf6 3. Nf3 d6 4. Nc3 c6 5. b3 a5 6. Bb2 Be7 7. Be2 Qg6 8. O-O Bh3
9. g3 Bxf1 10. Qxf1 h5 11. d4 h4 12. Qh3 Nd7 13. Bd3 Nb6 14. dxe5 a4 15. b4 a3
16. Bc1 Na4 17. Bd2 Nxc3 18. Bxc3 Ra4 19. Rd1 Qh5 20. Qg2 hxg3 21. fxg3 dxe5 22.
Be2 f6 23. Nxe5 Qh6 24. Ng4 Qh7 25. Bd3 Qh5 26. Be2 Qh7 27. b5 cxb5 28. c5 Rxe4
29. Bd3 Bxc5+ 30. Kh1 f5 31. Bxe4 fxe4 32. Qd2 Be7 33. Qd7+ Kf7 34. Bb4 e3 35.
Ne5+ Kf6 36. Bxe7+ Nxe7 37. Rd6+ Kxe5 38. Qe6# 1-0

[Event "Challenge"]
[Site "http://www.queenalice.com/game.php?id=1803317"]
[Date "2023.1.5"]
[Round "-"]
[White "SGF"]
[Black "MASTROIANNI"]
[Result "0-1"]
[WhiteElo "1713"]
[BlackElo "1234"]

1. e4 c5 2. Qf3 Nf6 3. d3 Nc6 4. c3 d6 5. Be2 Bg4 6. Qg3 Be6 7. h4 g6 8. h5 Qa5
9. hxg6 fxg6 10. Bd2 Qb5 11. b3 a5 12. d4 Qb6 13. e5 dxe5 14. dxe5 Nd7 15. Rxh7
Rxh7 16. Qxg6+ Rf7 17. Qxe6 Ndxe5 18. Bh5 Qc7 19. Bxf7+ Nxf7 20. a4 Qh2 21. Kf1
Nce5 22. Nf3 Nxf3 23. gxf3 Ra6 24. Qc8+ Nd8 25. Qxc5 Qh1+ 26. Ke2 Re6+ 27. Be3
Bh6 28. Qxa5 Bxe3 29. Qb5+ Nc6 30. Qxb7 Bf4+ 31. Kd3 Qxf3+ 32. Kc2 Qe2+ 33. Nd2
Qxd2+ 34. Kb1 Qc1+ 35. Ka2 Re2# 0-1

[Event "Challenge"]
[Site "http://www.queenalice.com/game.php?id=1803318"]
[Date "2023.1.5"]
[Round "-"]
[White "MASTROIANNI"]
[Black "Carlos19"]
[Result "0-1"]
[WhiteElo "1294"]
[BlackElo "1489"]

1. e4 e5 2. Nc3 Bc5 3. Nf3 d6 4. Bc4 h6 5. d3 Nf6 6. h3 Nc6 7. Bd2 O-O 8. Nh4 a6
9. f4 b5 10. Bd5 Nxd5 11. exd5 Ne7 12. g4 b4 13. Ne4 Nxd5 14. Ng2 a5 15. Nxc5
dxc5 16. f5 Re8 17. O-O Bb7 18. Qe2 f6 19. a3 Ba6 20. b3 Ra7 21. a4 e4 22. Qf2
Qd6 23. Nh4 e3 24. Qg2 exd2 25. Rad1 Ne3 26. Qe2 Qg3+ 27. Ng2 Kf7 28. Rf3 Qxg2+
29. Qxg2 Nxg2 30. Kxg2 Bb7 31. Rxd2 Bxf3+ 32. Kxf3 Re1 33. d4 cxd4 34. Rxd4 Rc1
35. Rd2 Rh1 36. Kg2 Re1 37. Kf3 g6 38. Kg3 g5 39. Rd7+ Ke8 40. Rd2 c5 41. Kf2
Rae7 42. Kg3 Rg1+ 43. Kf2 Ree1 44. Kf3 Rgf1+ 45. Kg2 Rd1 46. Re2+ Kf7 47. Kh2
Rfe1 48. Rf2 Rf1 49. Re2 Rh1+ 50. Kg2 Rdg1+ 51. Kf2 Rc1 52. Kg2 Kg7 53. Kf2 Rh2+
54. Kf3 Rxe2 55. Kxe2 Rxc2+ 56. Kd3 Rc3+ 57. Kd2 Rxb3 58. Kc2 Rxh3 59. Kd2 Ra3
60. Ke2 Rxa4 61. Kd2 Ra3 62. Kc2 Rg3 63. Kb2 Rxg4 64. Kb3 h5 65. Kc2 h4 66. Kd2
h3 67. Ke3 Rf4 68. Kd3 h2 69. Kc2 h1=Q 70. Kb3 Qf3+ 0-1

[Event "Challenge"]
[Site "http://www.queenalice.com/game.php?id=1803319"]
[Date "2023.1.5"]
[Round "-"]
[White "Carlos19"]
[Black "MASTROIANNI"]
[Result "0-1"]
[WhiteElo "1606"]
[BlackElo "1204"]

1. e4 e5 2. Nf3 Nc6 3. Bc4 h6 4. Nc3 a6 5. d3 g5 6. h3 d6 7. O-O b5 8. Bd5 Bb7
9. a4 b4 10. Ne2 a5 11. c4 Qf6 12. b3 Nd8 13. Bb2 c6 14. Bxf7+ Qxf7 15. d4 c5
16. d5 Be7 17. Ng3 Ba6 18. Nf5 h5 19. Bc1 g4 20. hxg4 hxg4 21. Nh2 Bc8 22. Nxe7
Kxe7 23. f3 Qh5 24. Kf2 Qxh2 25. Rh1 Qxh1 26. Qxh1 Rxh1 27. Bg5+ Nf6 28. Rxh1
Nf7 29. fxg4 Bxg4 30. Ke3 Rg8 31. Bxf6+ Kxf6 32. Rf1+ Kg5 33. Rxf7 Rg6 34. Ra7
Kh4 35. Rxa5 Bd1 36. Ra6 Bxb3 37. a5 Rg3+ 38. Kf2 Rg4 39. Rxd6 Bxc4 40. Re6 Rxe4
41. a6 b3 42. a7 Bxd5 43. Rd6 b2 44. Rxd5 Ra4 45. Rd7 b1=Q 46. g3+ Kg5 47. Rg7+
Kf6 48. Rc7 Qb6 0-1